00351nam a2200109Ia 4500008004100000082000800041100001600049245006000065942000600125952009500131999001500226240331s9999 xx 000 0 und d bWEH aWehmeier, S 0aOxford advanced learner's dictionary of current English cL 001040708LaWERCLbWERCLcSSCd2024-03-31l0o 423 WEHp4792r2024-03-31w2024-03-31yL c3242d3242